000 00424nam a2200145Ia 4500
003 OSt
005 20260128094749.0
008 211028s2017 xx 000 0 und d
040 _cAIMIT LIBRARY
041 _aeng
100 _aSadiq, C A; Harinakshi.
_g1516135
_97709
245 _aStudy on customer expection of stellar data recovery product and services /
260 _aMangalore
_bRayan D Souza
_c2017
942 _2ddc
_cPRO
999 _c219277
_d219277